[Event "42nd GRE-ch Women 2019"]
[Site "Thessaloniki"]
[Date "2019.11.25"]
[Round "6.5"]
[White "Vozinaki, Anthi - Maria"]
[Black "Pavlidou, Ekaterini"]
[Result "1/2-1/2"]
[WhiteElo "1878"]
[BlackElo "2183"]
[Annotator "TA"]
[PlyCount "160"]
[EventDate "2019.11.20"]
[EventType "tourn"]
[EventCountry "GRE"]
[SourceTitle "playchess.com"]
[Source "ChessBase"]
[SourceQuality "1"]

{[%evp 12,160,52,24,28,0,0,0,0,0,0,0,0,0,0,0,31,62,52,9,9,9,16,12,28,0,0,0,-4,-8,0,-16,-8,-9,-9,-17,-2,-16,-25,-47,-45,-89,0,-52,0,-25,33,16,118,39,73,-18,-33,-168,-122,-118,-109,-122,-114,-117,-70,-174,-114,-413,-97,-112,-79,-79,-79,-114,-110,-162,-87,-103,-79,-79,-79,-87,-87,-87,-87,-87,764,-660,0,-71,0,-87,0,-88,-62,-62,-62,-62,-62,-62,-62,-62,-61,-61,-61,-61,-61,-61,-52,-61,-34,-34,-34,-34,-34,-34,-34,-34,-34,-34,-34,-34,-34,-34,-34,-8,0,-34,-34,-34,-34,-34,-34,-34,-34,-34,-34,-34,0,-34,-34,-34,-8,-8,-8,-8,-8,-8,-8,-8,-8,-8,-8,-8,-8]} 1. e4 c5 2. Nf3 Nc6 3. d4 cxd4 4. Nxd4 Nf6 5. Nc3 e6 6. Ndb5 Bc5 7. Bf4 O-O {B45: Sicilian Four Knights} 8. Bd6 $146 (8. Bc7 $5 {[%cal Rc7d8]} Qe7 9. Bd6 Bxd6 10. Qxd6 $11 (10. Nxd6 Ne8 $11)) (8. Bc7 Qe7 9. Bd6 Bxd6 10. Qxd6 Qd8 11. O-O-O a6 12. Nd4 Ne7 13. Qg3 b5 14. e5 Nfd5 15. Nxd5 Nxd5 {½-½ (47) Nevednichy,V (2531)-Navara,D (2734) Patras 2019}) ({Predecessor:} 8. Bc7 Qe7 9. Bd6 Bxd6 10. Qxd6 Qd8 11. Qc7 {0-1 (70) Ziaziulkina,N (2427)-Heberla,B (2561) Wroclaw 2014}) 8... Qb6 9. Bxc5 Qxc5 10. Qd6 Qb6 $1 {Hoping for ...a6.} 11. Qc7 Qc5 12. Qd6 Qb6 13. Qc7 Qxc7 (13... Qc5 {is interesting.}) 14. Nxc7 Rb8 15. N7b5 d5 16. exd5 exd5 17. O-O-O Rd8 18. Nd4 Ng4 19. Nxc6 bxc6 20. Rd2 Be6 21. h3 Nf6 22. Bd3 c5 23. Rhd1 d4 24. Na4 Rdc8 25. Ba6 Rc6 {White must now prevent ...Ne4.} 26. Bf1 h5 ({Much weaker is} 26... Bxa2 $6 27. b3 $11) (26... Rc7 $17 27. Re1 Bd7) 27. g3 (27. b3 $11) 27... Bd5 (27... Rcc8 $15 28. b3 Ne4) 28. Re1 Rb4 (28... Bxa2 $11 29. Re7 g6) 29. b3 $14 Be4 (29... Rb8 $11) 30. Bd3 (30. Bc4 $16) 30... Bg2 31. Re7 {[#]} (31. Bc4 $16) 31... c4 $1 $36 {[%cal Rc4d3][%mdl 2560] Black is more active.} 32. Bf5 ({White should play} 32. Bxc4 $15 Rcxc4 33. bxc4 Rxa4 34. Rxd4) (32. bxc4 Rxa4) 32... cxb3 33. axb3 g6 34. Bd3 Rxb3 $1 ({But not} 34... Bxh3 35. Kb2 $15) 35. Rxa7 Bxh3 36. Be2 (36. Ra6 $15 Rxa6 37. cxb3) 36... Bf5 ({Black should try} 36... Rb4 $1 $19 {And now ...Ne4 would win.} 37. Nb2 Rcb6) 37. Ra5 $2 {[%mdl 8192] [#]} (37. Ra6 $17 Rxa6 38. cxb3 Rc6+ 39. Kb2) 37... Rb4 $2 (37... d3 $1 $19 {[%cal Rd3c2] has better winning chances.} 38. Rxf5 dxe2) 38. Nc5 $17 Ne4 39. Nxe4 Bxe4 40. Ra8+ Kg7 41. Rd8 {[#]} (41. Re8 $17 Bf5 42. Rd8) 41... Rc3 ({Better is} 41... g5 $1 $19 42. R8xd4 {[#]} Rxc2+ $1 {[%mdl 576] Deflection} 43. Rxc2 Rxd4) 42. Rd6 Bf5 43. R6xd4 {[#]} Rxc2+ $1 {[%mdl 576] Deflection} 44. Rxc2 Rxd4 {[%mdl 4096] Endgame KRB-KRB} 45. Rd2 Ra4 46. Rb2 Rb4 $2 {[%mdl 8192]} (46... Bg4 $17 47. Bxg4 Rxg4) 47. Rc2 $4 {[%mdl 8192]} (47. Rxb4 $18 Kf6 48. Kd2) 47... Rd4 $2 (47... Bxc2 $19 48. Kxc2 h4 49. gxh4 Rxh4) 48. Rd2 $1 {[%cal Rd2d4]} Ra4 (48... Re4 {seems wilder.} 49. Kd1 Be6 50. Rd6 Ra4 51. Kd2 Kf6) 49. Rb2 $1 Rd4 50. Rd2 Rxd2 (50... Re4 {is more complex.} 51. Rb2 Ra4 52. Kd2 Bg4 53. Bxg4 Rxg4 54. Ke3 Ra4) 51. Kxd2 {KB-KB} Kf6 52. Ke3 Ke5 53. Bc4 Be6 54. Be2 f6 55. Bd1 Bf7 56. f4+ Kf5 57. Be2 g5 {Threatens to win with ...gxf4+.} 58. fxg5 Kxg5 59. Kf2 Be6 60. Bd1 Bg4 61. Bc2 $1 Bf5 62. Bd1 Be4 63. Be2 Bc6 64. Bd1 Be8 65. Be2 Kf5 66. Ke3 Kg5 67. Kf2 $1 Bd7 68. Bd1 Bf5 69. Be2 Be4 70. Bd1 Bd3 71. Ke3 Bb5 72. Kf2 Bd3 73. Ke3 Bb1 74. Kf2 f5 75. Be2 {The position is equal.} Ba2 76. Bd1 Bf7 77. Be2 h4 78. gxh4+ Kxh4 79. Bd3 f4 80. Be4 Kg5 {Accuracy: White = 54%, Black = 47%.} 1/2-1/2

[Event "42nd GRE-ch Women 2019"]
[Site "Thessaloniki"]
[Date "2019.11.26"]
[Round "7.1"]
[White "Pavlidou, Ekaterini"]
[Black "Hristodoulaki, Antonia"]
[Result "1-0"]
[WhiteElo "2183"]
[BlackElo "2054"]
[Annotator "TA"]
[PlyCount "73"]
[EventDate "2019.11.20"]
[EventType "tourn"]
[EventCountry "GRE"]
[SourceTitle "playchess.com"]
[Source "ChessBase"]
[SourceQuality "1"]

{[%evp 10,73,45,35,31,0,18,0,22,8,42,-13,34,0,59,18,60,31,72,51,105,27,48,25,26,0,12,-1,45,4,27,30,93,46,37,28,81,44,42,50,56,43,52,48,53,54,345,355,449,446,474,459,481,406,441,426,505,439,503,501,663,561,590,462,412,418]} 1. Nf3 e6 2. c4 f5 3. g3 Nf6 4. Bg2 Be7 5. O-O O-O 6. d3 d6 {A10: English Opening: Unusual Replies for Black} (6... d5 7. Qc2 Nc6 8. a3 a5 9. cxd5 exd5 10. Nc3 Kh8 11. Nb5 Bd7 12. Bf4 Rc8 13. Rab1 Nh5 14. Bd2 f4 {0-1 (36) Edouard,R (2658)-Rapport,R (2691) Caleta 2014}) 7. Re1 e5 $146 ({Predecessor:} 7... Nc6 8. Nc3 e5 9. Bg5 h6 10. Bxf6 Bxf6 11. Nd2 Ne7 12. b4 c6 13. b5 Be6 {½-½ (34) Grigoryan,K (2557)-Polivanov,A (2374) Seville 2019}) 8. Nc3 c6 {The position is equal.} 9. Rb1 Qe8 10. e3 (10. c5 $14) 10... Qh5 11. Nd2 Qh6 ({Much weaker is} 11... Ng4 12. h3 $16) (11... Qxd1 $11 12. Rxd1 a5) 12. f4 Bd8 13. b4 Ng4 14. Nf1 exf4 (14... Re8 $14) 15. gxf4 ({Better is} 15. exf4 $16 Nd7 16. d4) 15... Bb6 16. h3 Nf6 $1 ({Avoid the trap} 16... Qxf4 $2 17. hxg4 fxg4 18. Re2 $18) 17. Qf3 Nh5 18. Kh1 Bd8 19. Ne2 Bh4 20. Rd1 Rd8 (20... Na6 $11) 21. Bd2 Qg6 22. Be1 $36 {[%mdl 2048] White is pushing.} Be7 (22... Bxe1 $11 {keeps the balance.} 23. Rxe1 Na6) 23. Nd2 Nd7 24. a4 {[%cal Ba2a4,Ba4a5][%mdl 32]} Rb8 25. a5 a6 26. Nb3 Ndf6 27. Nbd4 c5 $2 {[%mdl 8192]} (27... Qf7 $14) 28. bxc5 $18 {Black must now prevent c6.} dxc5 {[#]} 29. Nc6 $1 {[%cal Rc6e7][%mdl 512]} bxc6 30. Rxb8 Nd7 31. Rb3 Re8 32. Qxc6 Bf6 33. Bf2 Kh8 34. Rg1 Qf7 35. Qd5 Qe7 36. Qxf5 g6 37. Qe4 {Accuracy: White = 47%, Black = 24%.} 1-0

[Event "42nd GRE-ch Women 2019"]
[Site "Thessaloniki"]
[Date "2019.11.26"]
[Round "7.2"]
[White "Grapsa, Georgia"]
[Black "Vozinaki, Anthi - Maria"]
[Result "1/2-1/2"]
[WhiteElo "2026"]
[BlackElo "1878"]
[Annotator "NA RC"]
[PlyCount "106"]
[EventDate "2019.11.20"]
[EventType "tourn"]
[EventCountry "GRE"]
[SourceTitle "playchess.com"]
[Source "ChessBase"]
[SourceQuality "1"]
[TimeControl "40/5400+30:1800+30"]

1. d4 {[%emt 0:00:00]} Nf6 {[%emt 0:00:00]} 2. c4 {[%emt 0:00:00]} d6 {[%emt 0:00:22]} 3. Nf3 {[%emt 0:00:11]} Nbd7 {[%emt 0:00:00]} 4. g3 {[%emt 0:00:06]} e5 {[%emt 0:00:00]} 5. Bg2 {[%emt 0:00:07]} Be7 {[%emt 0:00:04]} 6. O-O {[%emt 0:00:11]} O-O {[%emt 0:00:07]} 7. Nc3 {[%emt 0:00:24]} c6 {[%emt 0:00:09]} 8. h3 {[%emt 0:00:20]} Re8 {[%emt 0:00:25]} 9. e4 {[%emt 0:00:21]} Bf8 {[%emt 0:04:45]} 10. Re1 {[%emt 0:07:22] A55: Old Indian Defence with Nf3 and e4} a6 {[%emt 0:01:33]} 11. b3 {[%emt 0:03:36]} b5 {[%emt 0:12:40]} 12. d5 {[%emt 0:01:58]} cxd5 {[%emt 0:07:03]} 13. cxd5 {[%emt 0:00:18]} Bb7 {[%emt 0:01:15]} (13... Qc7 $5 {[%cal Rc7c3]} 14. Bd2 Bb7 $14) 14. Bb2 $146 {[%emt 0:05:01]} ({Predecessor:} 14. Bd2 Rc8 15. Qe2 g6 16. Rec1 Nh5 17. Ne1 Ng7 {½-½ (59) Ilic,Z (2285)-Ivanovic,D (2360) Kragujevac 2013}) 14... Qb6 {[%emt 0:04:31]} 15. g4 {[%emt 0:11:28]} g6 {[%emt 0:04:19]} 16. Qe2 {[%emt 0:01:16]} Rec8 {[%emt 0:04:05]} 17. Rec1 {[%emt 0:04:26]} Ne8 {[%emt 0:12:28]} 18. h4 {[%emt 0:11:09]} Ng7 {[%emt 0:04:08]} 19. Bh3 {[%emt 0:00:35]} Qd8 {[%emt 0:02:33]} 20. Qe3 {[%emt 0:01:51]} Be7 {[%emt 0:05:44]} 21. g5 {[%emt 0:11:56]} Rc7 {[%emt 0:11:31]} (21... f5 $11) 22. Nh2 {[%emt 0:04:28]} (22. Ne2 $14) 22... f5 {[%emt 0:04:20]} 23. gxf6 {[%emt 0:03:28]} Bxf6 {[%emt 0:04:08]} (23... Nxf6 $15 24. a4 b4) 24. Ng4 {[%emt 0:00:11]} Bxh4 {[%emt 0:03:27]} 25. Ne2 {[%emt 0:04:11]} Rxc1+ {[%emt 0:05:25]} 26. Rxc1 {[%emt 0:03:14]} h5 {[%emt 0:02:19]} 27. Nh6+ {[%emt 0:04:07]} Kh7 {[%emt 0:04:44]} 28. Nf7 {[%emt 0:00:29]} Qf6 {[%emt 0:00:20]} 29. Rc7 {[%emt 0:05:00] Double Attack} Rf8 {[%emt 0:01:05]} 30. Qh6+ {[%emt 0:08:15]} Kg8 {[%emt 0:00:04]} 31. f4 {[%emt 0:00:41]} Rxf7 {[%emt 0:01:02]} 32. Bxd7 {[%emt 0:01:11]} ({But not} 32. Rxb7 g5 $15) 32... Qd8 {[%emt 0:00:44]} 33. Rxb7 {[%emt 0:01:38]} Rxd7 {[%emt 0:00:12]} 34. Rxd7 {[%emt 0:01:37]} Qxd7 {[%emt 0:00:04]} 35. Qxg6 {[%emt 0:00:24]} Qa7+ {[%emt 0:00:38]} 36. Kh1 {[%emt 0:00:39]} Qe3 {[%emt 0:01:13]} 37. Qg2 {[%emt 0:00:57]} Bf2 {[%emt 0:00:18]} 38. f5 {[%emt 0:02:22]} Qxe2 {[%emt 0:00:51]} 39. f6 $19 {[%emt 0:00:05]} Qe1+ {[%emt 0:00:00]} 40. Kh2 {[%emt 0:00:00]} Qg1+ {[%emt 0:00:00]} 41. Qxg1 {[%emt 0:04:06]} Bxg1+ {[%emt 0:00:36]} 42. Kxg1 {[%emt 0:00:02]} Ne8 {[%emt 0:00:26]} 43. Ba3 {[%emt 0:00:13]} Kf7 {[%emt 0:02:02]} 44. Kg2 {[%emt 0:00:08]} Kxf6 {[%emt 0:00:50]} 45. Kg3 {[%emt 0:01:49]} Kg6 {[%emt 0:00:43]} 46. Bb4 {[%emt 0:00:34]} Nf6 {[%emt 0:03:51]} 47. Kf3 {[%emt 0:00:10]} Ne8 {[%emt 0:00:11]} 48. Kg3 {[%emt 0:00:05]} Kg5 {[%emt 0:00:34]} 49. Bd2+ {[%emt 0:00:10]} Kf6 {[%emt 0:00:49]} 50. Kh4 {[%emt 0:00:33]} Kg6 {[%emt 0:01:24]} 51. Bg5 {[%emt 0:01:37]} Nc7 {[%emt 0:01:48]} 52. Be7 {[%emt 0:00:45]} Ne8 {[%emt 0:00:09]} 53. Bg5 {[%emt 0:00:32]} Nc7 {[%emt 0:00:17]} 1/2-1/2

[Event "42nd GRE-ch Women 2019"]
[Site "Thessaloniki"]
[Date "2019.11.26"]
[Round "7.3"]
[White "Koutsidi, Amalia"]
[Black "Makka, Evanthia"]
[Result "1/2-1/2"]
[WhiteElo "1724"]
[BlackElo "2059"]
[Annotator "NA RC"]
[PlyCount "75"]
[EventDate "2019.11.20"]
[EventType "tourn"]
[EventCountry "GRE"]
[SourceTitle "playchess.com"]
[Source "ChessBase"]
[SourceQuality "1"]
[TimeControl "40/5400+30:1800+30"]

1. e4 {[%emt 0:00:00]} c6 {[%emt 0:01:32]} 2. Nc3 {[%emt 0:00:00]} d5 {[%emt 0:00:07]} 3. Nf3 {[%emt 0:00:00]} Bg4 {[%emt 0:00:28]} 4. h3 {[%emt 0:00:00]} Bh5 {[%emt 0:00:06]} 5. exd5 {[%emt 0:00:03]} cxd5 {[%emt 0:00:08]} 6. Bb5+ {[%emt 0:00:09]} Nc6 {[%emt 0:00:06]} 7. g4 {[%emt 0:00:24]} Bg6 {[%emt 0:00:07]} 8. Ne5 {[%emt 0:00:22]} Rc8 {[%emt 0:00:34]} 9. d4 {[%emt 0:00:32]} e6 {[%emt 0:00:49]} 10. h4 {[%emt 0:00:20]} f6 {[%emt 0:00:00]} 11. Nxg6 {[%emt 0:00:05]} hxg6 {[%emt 0:00:00]} 12. Qd3 {[%emt 0:00:34]} Kf7 {[%emt 0:00:32]} 13. Bxc6 {[%emt 0:00:06]} Rxc6 {[%emt 0:00:00]} 14. Bd2 {[%emt 0:00:21] B11: Caro-Kann: Two Knights Variation} (14. Ne2 Bd6 15. Bf4 Ne7 16. Bxd6 Qxd6 17. O-O-O a6 18. Kb1 b5 19. h5 Rcc8 20. f4 Qc7 21. hxg6+ Nxg6 {0-1 (47) Abreu Delgado,A (2452)-Barbosa,O (2518) chess.com INT 2017}) 14... Bb4 {[%emt 0:01:15]} 15. O-O-O {[%emt 0:00:53]} Bxc3 {[%emt 0:02:54]} 16. Bxc3 {[%emt 0:00:14]} Qc7 {[%emt 0:01:42]} 17. Kb1 {[%emt 0:05:47]} Ne7 $146 {[%emt 0:02:12]} (17... Qd6 $14) ({Predecessor:} 17... Ra6 18. Bb4 Nh6 19. h5 gxh5 20. Rxh5 Qc4 21. Qxc4 dxc4 {1-0 (54) Kundin,A (2305)-Mittelman,G (2415) Rishon Le Ziyyon 1997}) 18. Rde1 {[%emt 0:12:03]} Qb6 {[%emt 0:39:23]} 19. Qg3 {[%emt 0:16:01]} a5 {[%emt 0:08:22]} 20. a3 {[%emt 0:18:49]} Qa7 {[%emt 0:16:49]} 21. h5 {[%emt 0:03:33]} gxh5 {[%emt 0:11:47]} 22. gxh5 {[%emt 0:09:16]} b6 {[%emt 0:01:46]} 23. Re2 {[%emt 0:15:10]} Qc7 {[%emt 0:02:25]} 24. Qg4 {[%emt 0:01:37]} Nf5 $14 {[%emt 0:03:18]} 25. Qg6+ {[%emt 0:03:56]} Kf8 {[%emt 0:00:12]} 26. Qg4 {[%emt 0:04:17]} Qf7 {[%emt 0:00:44]} 27. Bd2 {[%emt 0:00:37]} Rc4 {[%emt 0:01:44]} 28. c3 {[%emt 0:01:10]} b5 {[%emt 0:00:46]} 29. Rhe1 {[%emt 0:01:55]} Rc6 {[%emt 0:00:37]} 30. Qf4 {[%emt 0:01:37]} Rd6 {[%emt 0:00:43]} 31. c4 {[%emt 0:02:08]} bxc4 {[%emt 0:02:22]} 32. Bxa5 {[%emt 0:00:15]} Kg8 {[%emt 0:00:06]} 33. Bb4 {[%emt 0:00:27]} Rc6 {[%emt 0:01:22]} 34. Qb8+ {[%emt 0:01:08]} Kh7 {[%emt 0:00:00]} 35. Qf4 {[%emt 0:00:26]} Kg8 {[%emt 0:00:00]} 36. Qb8+ {[%emt 0:00:12]} Kh7 {[%emt 0:00:00]} 37. Qf4 {[%emt 0:00:04]} Kg8 {[%emt 0:00:39]} 38. Qb8+ {[%emt 0:00:24]} 1/2-1/2

[Event "42nd GRE-ch Women 2019"]
[Site "Thessaloniki"]
[Date "2019.11.26"]
[Round "7.4"]
[White "Markantonaki, Haritomeni"]
[Black "Stefanidi, Maria-Anna"]
[Result "1-0"]
[WhiteElo "2178"]
[BlackElo "2012"]
[Annotator "RC"]
[PlyCount "95"]
[EventDate "2019.11.20"]
[EventType "tourn"]
[EventCountry "GRE"]
[SourceTitle "playchess.com"]
[Source "ChessBase"]
[SourceQuality "1"]
[TimeControl "40/5400+30:1800+30"]

1. e4 {[%emt 0:00:00]} c5 {[%emt 0:00:00]} 2. Nf3 {[%emt 0:00:00]} d6 {[%emt 0:00:00]} 3. d4 {[%emt 0:00:00]} cxd4 {[%emt 0:00:02]} 4. Nxd4 {[%emt 0:00:00]} Nf6 {[%emt 0:00:04]} 5. Nc3 {[%emt 0:00:01]} g6 {[%emt 0:00:03]} 6. Be3 {[%emt 0:00:36]} Bg7 {[%emt 0:00:07]} 7. f3 {[%emt 0:00:56]} a6 {[%emt 0:00:05]} 8. Qd2 {[%emt 0:00:48]} Nbd7 {[%emt 0:01:00]} 9. g4 {[%emt 0:01:30]} Ne5 {[%emt 0:05:05]} 10. g5 {[%emt 0:05:33]} Nfd7 {[%emt 0:00:36]} 11. O-O-O {[%emt 0:03:51]} b5 {[%emt 0:03:07]} 12. f4 {[%emt 0:02:59]} Nc4 {[%emt 0:03:56]} 13. Bxc4 {[%emt 0:00:09]} bxc4 {[%emt 0:00:27]} 14. Nc6 {[%emt 0:03:21]} Qc7 {[%emt 0:02:13]} 15. Nxe7 {[%emt 0:01:55]} Bb7 {[%emt 0:06:15]} 16. Ned5 {[%emt 0:02:54]} Qa5 {[%emt 0:07:31]} 17. Bd4 {[%emt 0:01:58]} O-O {[%emt 0:02:32]} 18. Bxg7 {[%emt 0:10:01]} Kxg7 {[%emt 0:01:50]} 19. Qd4+ {[%emt 0:00:07]} f6 {[%emt 0:01:00]} 20. Qxc4 {[%emt 0:02:14]} Rac8 {[%emt 0:05:06]} 21. Qd4 {[%emt 0:00:59]} Qc5 {[%emt 0:00:41]} 22. Qxc5 {[%emt 0:06:38]} Rxc5 {[%emt 0:00:59]} 23. h4 {[%emt 0:00:49]} f5 {[%emt 0:10:19]} 24. Rhe1 {[%emt 0:03:14]} fxe4 {[%emt 0:06:38]} 25. Rxe4 {[%emt 0:00:21]} Rf7 {[%emt 0:00:05]} 26. Re6 {[%emt 0:05:01]} Rc6 {[%emt 0:01:28]} 27. Ne4 {[%emt 0:03:14]} Nc5 {[%emt 0:05:39]} 28. Nxc5 {[%emt 0:01:30]} dxc5 {[%emt 0:00:07]} 29. Rxc6 {[%emt 0:03:47]} Bxc6 {[%emt 0:00:07]} 30. Nf6 {[%emt 0:00:05]} Re7 {[%emt 0:07:44]} 31. c4 {[%emt 0:02:39]} Re6 {[%emt 0:02:28]} 32. Rd8 {[%emt 0:02:32]} h5 {[%emt 0:04:29]} 33. Kd2 {[%emt 0:02:51]} Kf7 {[%emt 0:00:23]} 34. a3 {[%emt 0:04:25]} Ke7 {[%emt 0:02:34]} 35. Rd3 {[%emt 0:00:39]} Kf7 {[%emt 0:02:48]} 36. b4 {[%emt 0:01:13]} cxb4 {[%emt 0:04:41]} 37. axb4 {[%emt 0:00:07]} Bg2 {[%emt 0:00:31]} 38. Rd7+ {[%emt 0:15:02]} Kf8 {[%emt 0:00:32]} 39. c5 {[%emt 0:01:32]} Bf1 {[%emt 0:01:12]} 40. Rd6 {[%emt 0:00:00]} Re2+ {[%emt 0:00:00]} 41. Kc3 {[%emt 0:04:12]} Re3+ {[%emt 0:06:09]} 42. Kd4 {[%emt 0:00:27]} Rd3+ {[%emt 0:03:49]} 43. Ke4 {[%emt 0:00:53]} Rb3 {[%emt 0:01:18]} 44. Nd5 {[%emt 0:02:11]} Bg2+ {[%emt 0:14:35]} 45. Ke5 {[%emt 0:00:48]} Bxd5 {[%emt 0:01:20]} 46. Kxd5 {[%emt 0:00:21]} Rxb4 {[%emt 0:00:06]} 47. c6 {[%emt 0:01:15]} Rb5+ {[%emt 0:00:50]} 48. Ke6 {[%emt 0:00:24]} 1-0

[Event "42nd GRE-ch Women 2019"]
[Site "Thessaloniki"]
[Date "2019.11.26"]
[Round "7.5"]
[White "Serefidou, Despina"]
[Black "Makka, Ioulia"]
[Result "0-1"]
[WhiteElo "1899"]
[BlackElo "2048"]
[Annotator "NA RC"]
[PlyCount "68"]
[EventDate "2019.11.20"]
[EventType "tourn"]
[EventCountry "GRE"]
[SourceTitle "playchess.com"]
[Source "ChessBase"]
[SourceQuality "1"]
[TimeControl "40/5400+30:1800+30"]

1. e4 c6 {[%emt 0:03:28]} 2. Nc3 {[%emt 0:00:00]} d5 {[%emt 0:00:14]} 3. Nf3 {[%emt 0:00:00]} Bg4 {[%emt 0:00:23]} 4. h3 {[%emt 0:00:05]} Bxf3 {[%emt 0:00:11]} 5. Qxf3 {[%emt 0:00:09]} e6 {[%emt 0:00:26]} 6. d4 {[%emt 0:00:14]} Nf6 {[%emt 0:01:06]} 7. Bd3 {[%emt 0:00:44]} dxe4 {[%emt 0:09:40]} 8. Nxe4 {[%emt 0:00:18]} Nxe4 {[%emt 0:00:58]} 9. Qxe4 {[%emt 0:00:27]} Nd7 {[%emt 0:00:50]} 10. c3 {[%emt 0:01:42]} Nf6 {[%emt 0:00:00]} 11. Qe2 {[%emt 0:01:31]} Qc7 {[%emt 0:13:26] B11: Caro-Kann: Two Knights Variation} 12. g3 $146 {[%emt 0:06:20]} ({Predecessor:} 12. O-O Bd6 13. Qf3 h6 14. Re1 Qa5 15. Bf4 Bxf4 16. Qxf4 O-O-O 17. Re5 Qc7 18. Qf3 Rd5 19. Rae1 {0-1 (64) David,A (2565)-Kovalenko,I (2650) Tromsoe 2014}) 12... Bd6 {[%emt 0:03:36]} 13. Bc2 {[%emt 0:14:47]} O-O-O {[%emt 0:14:31]} 14. Bg5 {[%emt 0:23:43]} Qa5 {[%emt 0:10:05]} 15. Bxf6 {[%emt 0:11:02]} gxf6 {[%emt 0:00:05]} 16. Qc4 {[%emt 0:10:42]} Qg5 {[%emt 0:03:38]} 17. h4 {[%emt 0:02:20]} Qh5 {[%emt 0:08:02]} 18. Qe2 {[%emt 0:06:45]} Qh6 {[%emt 0:03:59]} 19. Rd1 {[%emt 0:11:13]} f5 {[%emt 0:06:15]} 20. b4 {[%emt 0:01:01]} Kb8 $11 {[%emt 0:02:53]} 21. a3 {[%emt 0:03:23]} Rhg8 {[%emt 0:02:47]} 22. Qf3 {[%emt 0:02:40]} Rg4 {[%emt 0:07:33]} 23. b5 {[%emt 0:01:41]} cxb5 {[%emt 0:00:15]} 24. Rb1 {[%emt 0:00:29]} a6 {[%emt 0:02:30]} 25. a4 {[%emt 0:00:30]} b4 {[%emt 0:00:42]} 26. cxb4 {[%emt 0:00:40]} Rxd4 {[%emt 0:01:31]} 27. Qc3 {[%emt 0:00:24]} Bxb4 {[%emt 0:01:51]} 28. Rxb4 {[%emt 0:00:23]} Rxb4 {[%emt 0:00:33]} 29. Qxb4 {[%emt 0:00:41]} Qc1+ {[%emt 0:00:29]} 30. Ke2 {[%emt 0:00:25]} Qxh1 {[%emt 0:01:17]} 31. Qe7 {[%emt 0:00:28]} Qd5 {[%emt 0:00:37]} 32. Qb4 {[%emt 0:00:33]} Qd7 {[%emt 0:01:21]} 33. Qf4+ {[%emt 0:00:26]} Ka8 {[%emt 0:00:09]} 34. a5 {[%emt 0:00:36]} Qb5+ {[%emt 0:00:20]} 0-1